| 000 | 00579nam a22001697a 4500 | ||
|---|---|---|---|
| 003 | SGT | ||
| 020 | _a9780070435780 | ||
| 082 | _a658.15, TRI | ||
| 100 | _aTRIVEDI,M.L | ||
| 245 | _aMANAGERIAL ECONOMICS: THEORY AND APPLICATIONS | ||
| 250 | _a1ST | ||
| 260 |
_aNEW DELHI _bTATA MCGRAW HILL _c2009 |
||
| 300 | _a746 | ||
| 650 | _aMANAGEMENT | ||
| 653 | _aECONOMICS AND MANAGEMENT, NATURE AND SCOPE OF MANAGERIAL ECONOMICS, ECONOMIC MODELLING AND THE TECHNIQUES OF ANALYSIS, THEORIES OF THE FIRM, THE MARKET: AN INVISIBLE HAND, PRODUCTION AND COST ANALYSIS | ||
| 942 |
_2ddc _cFCM _05 |
||
| 999 |
_c8852 _d8852 |
||